[Event "III Festival Grand Hotel Adriatico A"]
[Site "Montesilvano ITA"]
[Date "2013.09.22"]
[Round "4"]
[White "Gilevych, Artem"]
[Black "Calavalle, Giulio"]
[WhiteElo "2349"]
[BlackElo "2205"]
[Result "1-0"]
[PlyCount "147"]
[EventDate "2013.09.20"]

1. d4 Nf6 2. c4 e6 3. g3 d5 4. Bg2 c5 5. cxd5 Nxd5 6. Nf3 Nc6 7. O-O Nf6 8.
dxc5 Qxd1 9. Rxd1 Bxc5 10. Nc3 Ke7 11. Bf4 Rd8 12. Rxd8 Nxd8 13. Ne5 Ne8 14.
Rd1 f6 15. Ne4 Bb6 16. Nc4 e5 17. Bd2 Nc6 18. Nxb6 axb6 19. Nc3 Be6 20. Be3 Ra6
21. a3 Nd6 22. Nd5+ Bxd5 23. Bxd5 Nf5 24. Bd2 Nfd4 25. e3 Ne6 26. f4 Ra8 27.
fxe5 fxe5 28. e4 Rd8 29. Be3 Ncd4 30. Kg2 Rd7 31. Rc1 b5 32. h4 h6 33. Bf2 b6
34. Be1 Rc7 35. Bb4+ Nc5 36. Rf1 Nde6 37. Kf2 Nd4 38. Kg2 Nc2 39. Bd2 Ne6 40.
Kh3 Kd6 41. Kg4 Ncd4 42. Bb4+ Nc5 43. Rf8 Nc2 44. Kh5 Nxb4 45. axb4 Nd7 46. Rd8
Ke7 47. Ra8 Nf6+ 48. Kg6 Nxd5 49. exd5 e4 50. Kxg7 h5 51. Kg6 Kd6 52. Kxh5 e3
53. Kg4 e2 54. Ra1 Rc4+ 55. Kf3 Rxb4 56. Kxe2 Rxb2+ 57. Ke3 Kxd5 58. Rh1 Ke5
59. h5 Rb3+ 60. Kf2 Rc3 61. h6 Rc8 62. Rh5+ Kf6 63. Rxb5 Rb8 64. g4 Kg6 65. g5
Rc8 66. Ke3 Rc7 67. Re5 Rc6 68. Kf4 Rc4+ 69. Re4 Rc6 70. Re8 Rc7 71. Re6+ Kh5
72. Rxb6 Rc4+ 73. Kf5 Rb4 74. h7 1-0

[Event "III Festival Grand Hotel Adriatico A"]
[Site "Montesilvano ITA"]
[Date "2013.09.22"]
[Round "4"]
[White "Lattanzio, Savino"]
[Black "Basso, Pier Luigi"]
[WhiteElo "2100"]
[BlackElo "2225"]
[Result "0-1"]
[PlyCount "75"]
[EventDate "2013.09.20"]

1. d4 Nf6 2. Nf3 e6 3. c4 d5 4. Nbd2 Be7 5. g3 c5 6. Bg2 dxc4 7. dxc5 c3 8.
bxc3 O-O 9. O-O Bxc5 10. Nb3 Bb6 11. Ba3 Re8 12. Qc2 Nc6 13. Rad1 Bd7 14. Rd3
e5 15. e4 Qc8 16. Nfd2 Bg4 17. Nc4 Bc7 18. Ne3 Bb6 19. Nd5 Nxd5 20. exd5 Nd4
21. Nxd4 exd4 22. c4 Be2 23. Bb2 Qf5 24. Rfd1 Rac8 25. Bf1 Bxd1 26. Qxd1 Rxc4
27. d6 Qd7 28. Rf3 Rc6 29. Qb3 Rxd6 30. Bc4 Rf6 31. Rxf6 gxf6 32. Bb5 Re1+ 33.
Kg2 Qf5 34. Bd3 Qe6 35. Qc2 Qd5+ 36. f3 Kg7 37. Bc1 Qc5 38. Bh6+ 0-1

[Event "III Festival Grand Hotel Adriatico A"]
[Site "Montesilvano ITA"]
[Date "2013.09.22"]
[Round "4"]
[White "Messina, Enrico"]
[Black "Altini, Nicola"]
[WhiteElo "2216"]
[BlackElo "2382"]
[Result "1/2-1/2"]
[PlyCount "66"]
[EventDate "2013.09.20"]

1. e4 c5 2. d4 cxd4 3. c3 dxc3 4. Nxc3 Nc6 5. Bc4 e6 6. Nf3 a6 7. O-O b5 8. Bb3
d6 9. Qe2 Ra7 10. Be3 Rd7 11. Rfd1 Be7 12. Nxb5 axb5 13. Qxb5 Bb7 14. Ba4 Nf6
15. Nd4 Nxd4 16. Qxb7 Nc2 17. Rdc1 O-O 18. Bxd7 Nxe3 19. Ba4 Nxg2 20. Kxg2 Qa5
21. Qxe7 Qxa4 22. Qxd6 Qxe4+ 23. Kg1 h5 24. Re1 Qc2 25. Qd4 Rb8 26. Rac1 Qg6+
27. Kh1 Qf5 28. Rc3 Ng4 29. f3 Nf6 30. Qe5 Qxe5 31. Rxe5 Rxb2 32. Ra5 Rb1+ 33.
Kg2 Nd5 1/2-1/2

[Event "III Festival Grand Hotel Adriatico A"]
[Site "Montesilvano ITA"]
[Date "2013.09.22"]
[Round "4"]
[White "Napoli, Nicolo'"]
[Black "Ferretti, Folco"]
[WhiteElo "2266"]
[BlackElo "2278"]
[Result "1/2-1/2"]
[PlyCount "63"]
[EventDate "2013.09.20"]

1. Nf3 Nf6 2. g3 b5 3. Bg2 Bb7 4. d4 e6 5. a4 b4 6. c4 c5 7. O-O cxd4 8. Nbd2
Be7 9. Nb3 O-O 10. Nbxd4 Nc6 11. Ne5 Nxe5 12. Bxb7 Rb8 13. Bg2 Nxc4 14. b3 Na5
15. Bb2 d5 16. Rc1 Rc8 17. Rxc8 Qxc8 18. Qd3 Qb7 19. Ra1 a6 20. e3 Nd7 21. Qd1
Rc8 22. Nxe6 fxe6 23. Qg4 Nf6 24. Qxe6+ Kh8 25. Rd1 Rf8 26. Bxd5 Qd7 27. Qe5
Nb7 28. Rd4 Bd6 29. Qg5 Bc5 30. Rd2 Nd6 31. Bg2 Qf5 32. h4 1/2-1/2

[Event "III Festival Grand Hotel Adriatico A"]
[Site "Montesilvano ITA"]
[Date "2013.09.22"]
[Round "4"]
[White "Quimi, Marco"]
[Black "Carnicelli, Valerio"]
[WhiteElo "2169"]
[BlackElo "2046"]
[Result "1/2-1/2"]
[PlyCount "84"]
[EventDate "2013.09.20"]

1. d4 d5 2. Bf4 e6 3. Nf3 Bd6 4. e3 Bxf4 5. exf4 Qd6 6. Qc1 Nf6 7. Bd3 b6 8.
O-O O-O 9. Na3 Ba6 10. Nb5 Qe7 11. Ne5 c6 12. Nc3 Bxd3 13. Nxd3 Nbd7 14. Re1
Qd6 15. Qe3 a6 16. Rad1 Rac8 17. Ne2 c5 18. c3 Rfe8 19. Ne5 Qe7 20. Ng3 Nxe5
21. fxe5 Nd7 22. Qf4 h6 23. h4 Kh7 24. Nh5 Rg8 25. Re3 g6 26. Nf6+ Nxf6 27.
exf6 Qc7 28. Re5 cxd4 29. Rxd4 Qd6 30. Qe3 b5 31. h5 g5 32. a4 Rc4 33. axb5
axb5 34. b3 Rxd4 35. Qxd4 Rc8 36. Re3 Kg8 37. Qd3 b4 38. c4 Qf4 39. Rxe6 Qc1+
40. Kh2 Qf4+ 41. Kg1 Qc1+ 42. Kh2 dxc4 1/2-1/2

[Event "III Festival Grand Hotel Adriatico A"]
[Site "Montesilvano ITA"]
[Date "2013.09.22"]
[Round "4"]
[White "Zimina, Olga"]
[Black "Ciampi, Vincenzo"]
[WhiteElo "2324"]
[BlackElo "2119"]
[Result "1/2-1/2"]
[PlyCount "51"]
[EventDate "2013.09.20"]

1. Nf3 c5 2. c4 Nf6 3. Nc3 d5 4. cxd5 Nxd5 5. e4 Nc7 6. d4 cxd4 7. Qxd4 Qxd4 8.
Nxd4 e5 9. Ndb5 Nxb5 10. Bxb5+ Nc6 11. Nd5 Bd6 12. Be3 O-O 13. O-O Nb4 14. Rad1
Be6 15. Nf6+ gxf6 16. Rxd6 a6 17. Bd7 Rfd8 18. Rfd1 Rxd7 19. Rxd7 Bxd7 20. Rxd7
Kg7 21. a3 Nc2 22. Bb6 Rc8 23. Kf1 Na1 24. Rc7 Rxc7 25. Bxc7 Nb3 26. Bb6
1/2-1/2

[Event "III Festival Grand Hotel Adriatico A"]
[Site "Montesilvano ITA"]
[Date "2013.09.22"]
[Round "5"]
[White "Altini, Nicola"]
[Black "Gromovs, Sergejs"]
[WhiteElo "2382"]
[BlackElo "2187"]
[Result "0-1"]
[PlyCount "88"]
[EventDate "2013.09.20"]

1. d4 f5 2. Bg5 Nf6 3. Bxf6 exf6 4. e3 d5 5. c4 Be6 6. Nc3 dxc4 7. d5 Bf7 8.
Bxc4 Bd6 9. Nf3 O-O 10. Nd4 g6 11. Qb3 b6 12. Rd1 a6 13. Ne6 Bxe6 14. dxe6 Kg7
15. Nd5 Nc6 16. O-O Ne7 17. f4 b5 18. Be2 Nxd5 19. Qxd5 Qe7 20. e4 Rfd8 21. Kh1
Bxf4 22. Qb3 Rxd1 23. Bxd1 Qd6 24. Qf3 Be5 25. exf5 Rd8 26. Bb3 Bxb2 27. g4 Qe5
28. g5 Qxf5 29. Qg2 Qd3 30. e7 Re8 31. Rd1 Qc3 32. Qd5 fxg5 33. Qf7+ Kh6 34.
Bd5 Qc2 35. Qf8+ Bg7 36. Qf1 Be5 37. Qf8+ Bg7 38. Qf3 Qf5 39. Qg2 Rxe7 40. Rf1
Qd3 41. Bf3 Bc3 42. Bb7 Re2 43. Qg4 Rxh2+ 44. Kxh2 Qxf1 0-1

[Event "III Festival Grand Hotel Adriatico A"]
[Site "Montesilvano ITA"]
[Date "2013.09.22"]
[Round "5"]
[White "Basso, Pier Luigi"]
[Black "Napoli, Nicolo'"]
[WhiteElo "2225"]
[BlackElo "2266"]
[Result "1/2-1/2"]
[PlyCount "26"]
[EventDate "2013.09.20"]

1. d4 Nf6 2. c4 c5 3. d5 b5 4. cxb5 a6 5. bxa6 g6 6. Nc3 Bg7 7. Nf3 d6 8. g3
O-O 9. a4 Nxa6 10. Bg2 Nb4 11. O-O Bb7 12. Ne1 Ra5 13. Nc2 Nxc2 1/2-1/2

[Event "III Festival Grand Hotel Adriatico A"]
[Site "Montesilvano ITA"]
[Date "2013.09.22"]
[Round "5"]
[White "Boscolo, Federico"]
[Black "Messina, Enrico"]
[WhiteElo "2337"]
[BlackElo "2216"]
[Result "1-0"]
[PlyCount "129"]
[EventDate "2013.09.20"]

1. e4 d6 2. Nf3 Nf6 3. Nc3 c5 4. d4 cxd4 5. Nxd4 g6 6. g3 Nc6 7. Nde2 Bg7 8.
Bg2 O-O 9. O-O Rb8 10. Nd5 Nd7 11. c3 e6 12. Ne3 Nf6 13. c4 b5 14. cxb5 Rxb5
15. Nc3 Rb7 16. Qa4 Rb4 17. Qa3 Rb7 18. Qa4 Rb4 19. Qa3 Rb7 20. Rd1 Rd7 21. Qa4
Bb7 22. Nc4 d5 23. exd5 Nxd5 24. Ne4 Nb6 25. Rxd7 Nxa4 26. Rxd8 Rxd8 27. Bg5
Rd4 28. Rc1 Nb6 29. Ncd6 Ba8 30. Be3 Rd5 31. Ne8 Bxb2 32. N4f6+ Kf8 33. Nxd5
exd5 34. Rb1 Kxe8 35. Bxb6 axb6 36. Rxb2 Kd7 37. Bxd5 Kd6 38. Bxc6 Kxc6 39. Kf1
Kc5 40. Ke2 Bd5 41. Kd3 b5 42. a3 h5 43. Kc3 Be6 44. Re2 Bc4 45. Re5+ Kd6 46.
Re8 Kd5 47. Kb4 Bf1 48. Rb8 Ke4 49. Rxb5 Kf3 50. Rb6 Kg2 51. Rf6 Kxh2 52. Rxf7
g5 53. Rh7 Be2 54. a4 Bf3 55. Rf7 Kg2 56. Rxf3 Kxf3 57. a5 Kxf2 58. a6 Kxg3 59.
a7 h4 60. a8=Q h3 61. Qh1 g4 62. Kc3 h2 63. Kd2 Kh3 64. Ke2 Kg3 65. Kf1 1-0

[Event "III Festival Grand Hotel Adriatico A"]
[Site "Montesilvano ITA"]
[Date "2013.09.22"]
[Round "5"]
[White "Calavalle, Giulio"]
[Black "Paolillo, Gaia"]
[WhiteElo "2205"]
[BlackElo "1920"]
[Result "1-0"]
[PlyCount "99"]
[EventDate "2013.09.20"]

1. e4 e5 2. Nc3 Nc6 3. Bc4 Nf6 4. d3 Bc5 5. Bg5 h6 6. Bh4 d6 7. Nge2 Be6 8. Nd5
g5 9. Bg3 Bxd5 10. exd5 Ne7 11. Nc3 Qd7 12. Bb5 c6 13. dxc6 Nxc6 14. Qf3 Nh7
15. Nd5 O-O-O 16. b4 Bb6 17. a4 f5 18. h3 Qg7 19. Qxf5+ Kb8 20. Bxc6 bxc6 21.
Nxb6 axb6 22. Qe4 Rc8 23. O-O h5 24. d4 Nf6 25. Qe2 Nd7 26. a5 b5 27. c4 bxc4
28. dxe5 Nxe5 29. Bxe5 Qxe5 30. Qxe5 dxe5 31. Rac1 Kb7 32. Rxc4 Rh6 33. Re1 Re6
34. Rc5 Rce8 35. Re4 R8e7 36. f3 Ka6 37. h4 gxh4 38. Rxh4 e4 39. Rxe4 Rxe4 40.
Rxc6+ Kb5 41. Rb6+ Ka4 42. fxe4 Rxe4 43. a6 Re8 44. Rb7 Ra8 45. a7 Ka3 46. b5
Ka4 47. b6 Ka5 48. Rb8 h4 49. Rxa8 h3 50. Rh8 1-0

[Event "III Festival Grand Hotel Adriatico A"]
[Site "Montesilvano ITA"]
[Date "2013.09.22"]
[Round "5"]
[White "Ciampi, Vincenzo"]
[Black "Pescatore, Lorenzo"]
[WhiteElo "2119"]
[BlackElo "2213"]
[Result "0-1"]
[PlyCount "90"]
[EventDate "2013.09.20"]

1. Nf3 c5 2. c4 Nc6 3. Nc3 g6 4. e3 d6 5. d4 cxd4 6. exd4 Bg4 7. Be2 Bg7 8. Be3
Nf6 9. h3 Bxf3 10. Bxf3 O-O 11. O-O Nd7 12. Qd2 Nb6 13. b3 e6 14. Rac1 d5 15.
cxd5 exd5 16. Ne2 Ne7 17. Bg5 Qd7 18. Rc5 Nf5 19. Bg4 h5 20. Bxf5 Qxf5 21. Ng3
Qd7 22. Bh6 f6 23. Rfc1 Rac8 24. Bxg7 Kxg7 25. Qf4 Rxc5 26. dxc5 Nc8 27. Qd4
Ne7 28. Rd1 Qe6 29. Rd3 Qe5 30. Qb4 Qc7 31. Qd4 Qe5 32. Qb4 Qc7 33. Re3 Nc6 34.
Qd2 Rd8 35. Qe2 d4 36. Nxh5+ gxh5 37. Rg3+ Kf8 38. Qxh5 Ne7 39. Qh8+ Kf7 40.
Rg7+ Ke6 41. Qh7 d3 42. Qe4+ Qe5 43. Qxb7 Qxc5 44. Qe4+ Qe5 45. Qc4+ Rd5 0-1

[Event "III Festival Grand Hotel Adriatico A"]
[Site "Montesilvano ITA"]
[Date "2013.09.22"]
[Round "5"]
[White "Dobboletta, Alex"]
[Black "Quimi, Marco"]
[WhiteElo "2015"]
[BlackElo "2169"]
[Result "0-1"]
[PlyCount "126"]
[EventDate "2013.09.20"]

1. Nf3 d5 2. b3 Bf5 3. Bb2 e6 4. g3 Nf6 5. Bg2 h6 6. O-O Be7 7. c4 c6 8. d4
Nbd7 9. e3 O-O 10. Qe2 Re8 11. Nc3 a5 12. Ne5 Nxe5 13. dxe5 Nd7 14. e4 dxe4 15.
Nxe4 Qc7 16. f4 Nc5 17. Rad1 Red8 18. Nd6 Bh7 19. Qe3 Nd7 20. Qf3 Nf8 21. f5
exf5 22. Nxf5 Bc5+ 23. Kh1 Rxd1 24. Rxd1 Ne6 25. Qg4 Bxf5 26. Qxf5 Rd8 27. Rf1
Bd4 28. Bc1 Bxe5 29. Be4 g6 30. Qg4 h5 31. Qh3 Nc5 32. Bc2 Qd7 33. Qh4 Nd3 34.
Bg5 Re8 35. Qe4 Nc5 36. Qf3 Bg7 37. Be3 Ne6 38. Bb6 Ng5 39. Qg2 Bc3 40. h4 Nh7
41. Qf2 Re6 42. Rd1 Rd6 43. Rxd6 Qxd6 44. Bc5 Qe5 45. Kg2 Nf6 46. Qe3 Qxe3 47.
Bxe3 Ng4 48. Bg5 f6 49. Bf4 Kf7 50. Kf3 f5 51. Ke2 Ke6 52. Kf3 Be5 53. Bd2 Bc7
54. Bc3 b6 55. a3 Be5 56. Bd2 Bb2 57. b4 axb4 58. axb4 Ne5+ 59. Kf4 Nxc4 60.
Bb3 b5 61. Kg5 Kf7 62. Kh6 Be5 63. Be1 Kf6 0-1

[Event "III Festival Grand Hotel Adriatico A"]
[Site "Montesilvano ITA"]
[Date "2013.09.22"]
[Round "5"]
[White "Ferretti, Folco"]
[Black "Gilevych, Artem"]
[WhiteElo "2278"]
[BlackElo "2349"]
[Result "1/2-1/2"]
[PlyCount "22"]
[EventDate "2013.09.20"]

1. e4 e6 2. d4 d5 3. Nd2 Nc6 4. Ngf3 Nf6 5. e5 Nd7 6. c3 f6 7. exf6 Nxf6 8. Bd3
Bd6 9. O-O O-O 10. Re1 Nh5 11. Ne5 Nf4 1/2-1/2

[Event "III Festival Grand Hotel Adriatico A"]
[Site "Montesilvano ITA"]
[Date "2013.09.22"]
[Round "5"]
[White "Viviani, Alessio"]
[Black "Zimina, Olga"]
[WhiteElo "2117"]
[BlackElo "2324"]
[Result "0-1"]
[PlyCount "66"]
[EventDate "2013.09.20"]

1. d4 d5 2. c4 e6 3. Nf3 c6 4. Nc3 dxc4 5. e3 b5 6. a4 Bb4 7. Bd2 a5 8. axb5
Bxc3 9. Bxc3 cxb5 10. b3 Bb7 11. bxc4 b4 12. Bb2 Nf6 13. Bd3 O-O 14. O-O Nbd7
15. Re1 Ne4 16. Qc2 f5 17. c5 Bc6 18. Bc4 Qe7 19. Bb3 Rfc8 20. Ra2 Nexc5 21.
dxc5 Nxc5 22. Bc4 Be4 23. Qd2 Nd7 24. Rc1 Nb6 25. Ne5 a4 26. f3 Bb7 27. Qd4
Nxc4 28. Rxc4 Rd8 29. Qh4 Rd1+ 30. Kf2 Qxh4+ 31. Rxh4 Bd5 32. Nc4 g5 33. Nb6
gxh4 0-1